|
|
|
|
| LEADER |
01180nam a2200289 a 4500 |
| 001 |
c000059172 |
| 003 |
CARM |
| 005 |
20010116120031.0 |
| 008 |
881128s1988 gw b 001 0 ger d |
| 019 |
1 |
|
|a 6121019
|5 LACONCORD2021
|
| 035 |
|
|
|a (OCoLC)220586796
|5 LACONCORD2021
|
| 040 |
|
|
|a VU
|b eng
|c VU
|
| 245 |
0 |
0 |
|a Kuppelbauten in Stahl- und Stahlbetonkonstruktion /
|c [redaktionelle Bearbeitung, Folker Frank].
|
| 250 |
|
|
|a 1. Aufl.
|
| 260 |
|
|
|a Stuttgart :
|b IRB Verlag,
|c 1988.
|
| 300 |
|
|
|a 82 p. ;
|c 22 cm.
|
| 440 |
|
0 |
|a IRB-Literaturauslese ;
|v Nr. 2293
|
| 500 |
|
|
|a One of four titles comprising new ed. of "Kuppeldaecher "(1985).
|
| 500 |
|
|
|a Includes indexes.
|
| 650 |
|
0 |
|a Architecture, Modern
|y 20th century
|v Bibliography.
|
| 650 |
|
0 |
|a Domes
|x Design and construction
|v Bibliography.
|
| 650 |
|
0 |
|a Reinforced concrete construction
|v Bibliography.
|
| 650 |
|
0 |
|a Building, Iron and steel
|v Bibliography.
|
| 700 |
1 |
|
|a Frank, Folker.
|
| 852 |
8 |
|
|b CARM
|h A2:AI21C0
|i B04240
|p 0195052
|f BK
|
| 999 |
f |
f |
|i 13567aa4-ee7e-5f4c-b261-e25626672eca
|s bc20a5c7-39d1-559d-b23d-54cb662a9b7a
|
| 952 |
f |
f |
|p Can circulate
|a CAVAL
|b CAVAL
|c CAVAL
|d CARM 1 Store
|e B04240
|f A2:AI21C0
|h Other scheme
|i book
|m 0195052
|